LIBRARY & INFORMATION CENTRE, KCAET, TAVANUR

ONLINE PUBLIC ACCESS CATALOGUE (OPAC)

Performance and evaluation of modified rotary banana slicer (Record no. 14986)

MARC details
000 -LEADER
fixed length control field 00666nam a22001817a 4500
003 - CONTROL NUMBER IDENTIFIER
control field OSt
088 ## - REPORT NUMBER
Report number P 299
100 ## - MAIN ENTRY--AUTHOR NAME
Personal name ATHIRA A.S
-- CINU VARGHESE
-- HARITHA MOHANAN
245 ## - TITLE STATEMENT
Title Performance and evaluation of modified rotary banana slicer
260 ## - PUBLICATION, DISTRIBUTION, ETC. (IMPRINT)
Place of publication Tavanur 2015
Name of publisher Department of Food and Agricultural Process Engineering
300 ## - PHYSICAL DESCRIPTION
Number of Pages 35
500 ## - GENERAL NOTE
General note Performance and evaluation of modified rotary banana slicer
520 ## - SUMMARY, ETC.
Summary, etc Performance and evaluation of modified rotary banana slicer
700 ## - ADDED ENTRY--PERSONAL NAME
Personal name Dr. sudheer K.P (Guide)
856 ## - ELECTRONIC LOCATION AND ACCESS
Uniform Resource Identifier https://drive.google.com/open?id=1xXT-6r5hZ7bgN1C4C3LBPoC4CGv7Gqfp
942 ## - ADDED ENTRY ELEMENTS (KOHA)
Koha item type Project Report
Holdings
Collection code Home library Current library Shelving location Full call number Accession Number Koha item type
Reference KAUAET KAUAET Reference 664 ATH/PE P 299 Project Report
free website counter